Números terminados em 1 entre 0 e 100 em 15 segundos - Statistics

Estatísticas Gerais
  • Esse quiz foi jogado 351 vezes
  • A pontuação média é 9 de 10
Estatísticas das Respostas
Número % Correto
- 1
100%
- 11
92%
- 21
89%
- 31
88%
- 41
87%
- 51
87%
- 61
86%
- 71
86%
- 81
85%
- 91
85%
Nenhum quiz correspondente encontrado
Distribuição das Pontuações
Porcentagem de Pessoas com Cada Pontuação
Percentil de Números Respondidos
Sua Pontuação Histórica
Você não jogou esse quiz